| 000 | 00560nam a22001937a 4500 | ||
|---|---|---|---|
| 005 | 20180504104724.0 | ||
| 010 | _aENG-122881 | ||
| 020 |
_a9789385289224 _c995.00 |
||
| 035 | _aEN-106413 | ||
| 037 | _bDBAD/PUB | ||
| 082 | _a921 | ||
| 100 | _aKrishna Kumari | ||
| 245 |
_aVeer Savarkar / _bby Krishna Kumari |
||
| 260 |
_aNew Delhi _bSolar Books _c2017 |
||
| 270 |
_a4239A/1 Veer Sadan, Ansari Road, Darya Ganj, _bNew Delhi _e110002 |
||
| 300 | v |
_avii, 280p. _c21cm(Hb) _bill. |
|
| 500 | _aIt include index | ||
| 942 |
_2ddc _cEN _mKRI _h921 |
||
| 999 |
_c151877 _d151877 |
||